000 00685nam a2200241 a 4500
001 0001-1119
003 ELIB.Books
008 150430 2010 eng
020 _a9780801026973
035 _a(ELIB.Books)0001-1274
092 _a230.041
_bBea
100 _aBeale, G. K.
245 _aA New Testament Biblical Theology
_bThe Unfolding of the Old Testament in the New
260 _aGrand Rapids
_bBaker Academic
_c2011
300 _a1047
_c23 Cm
500 _aC/o Moe Lwei
650 _aNew Testament Theology
856 _nKBTS: Library
_uKBTS: Elib
942 _2ddc
_cBK
990 _a1
998 _cbat
_e2015-04-30
_mcat
_u2018-12-06
999 _c11119
_d11119